000 00940nam a2200289 a 4500
001 000012037
005 20250218125614.0
008 091103s2001 ck 000 f spa d
020 _a9588061601
040 _aDO-SdBNP
_bspa
_cBNPHU
041 1 7 _aspa
_hpor
_2Código de idioma MARC
082 _aB869.34
_bS243c
100 1 _aSaramago, José,
_d1922-2010
_912950
240 1 2 _aA caverna.
_lEspañol
245 1 3 _aLa caverna /
_cJosé Samarago ; traducción de Pilar del Río.
260 _aBogotá :
_bAlfaguara,
_c2001.
300 _a454 ;
_c22 cm.
490 1 _aBiblioteca José Saramago
534 _pTítulo original en portugués :
_tA carvena
_cLisboa : Caminho, 2001.
500 _aPrimera reimpresión, marzo 2001
650 4 _aNovela portuguesa
_912951
650 4 _aLiteratura portuguesa
_912952
700 1 _aRío, Pilar del,
_etr.
_927507
830 0 _aBiblioteca José Saramago
_928477
910 _aWM
049 _aBNGR
999 _c11705
_d11705